| 000 | 00643nam a2200217 a 4500 | ||
|---|---|---|---|
| 005 | 20240911064155.0 | ||
| 008 | 991125s1981 mx 000 0 spa u | ||
| 020 | _a9684270895 | ||
| 035 | _aUPN01000053809 | ||
| 049 | _aCG | ||
| 050 | 4 |
_aHC54 _bK8.8 |
|
| 100 | 1 |
_aKuczynski, Jürgen, _d1924- |
|
| 245 | 1 | 0 |
_aSistema contra la humanidad / _cJürgen Kuczynski. |
| 260 |
_aMéxico : _bNuestro Tiempo, _c1981. |
||
| 300 | _a254 p. | ||
| 500 | _aTítulo de la cubierta: El capitalismo : sistema contra la humanidad | ||
| 650 | 4 |
_aHISTORIA ECONOMICA - _y1945- |
|
| 650 | 4 |
_aImperialismo _99887 |
|
| 650 | 4 |
_aCapitalismo _96436 |
|
| 905 | _aLibro | ||
| 999 |
_c53809 _d53809 |
||